000 01801cam a22004934i 4500
003 PE-LiUPU
005 20250731165454.0
008 150623s r 000 0 d
020 _a0801021464
035 _a(Sirsi) i9780801021466
040 _aPE-LiUPU
_bspa
_cPE-LiUPU
_erda
049 _aPRUA
082 0 4 _a016.221
_bM26
_221
100 1 _aMartens, Elmer A.,
_eautor.
245 1 0 _aOld Testament theology /
_cElmer A. Martens.
264 1 _aMichigan :
_bBaker Books,
_c1997.
300 _a138 páginas ;
_c21.5 centímetros
336 _atext
_2rdacontent
337 _aunmediated
_2rdamedia
338 _avolume
_2rdacarrier
490 0 _aIBR. Bibliographies series ;
_v13
505 0 _aReference works. -Serial literature. -History of the discipline/state of the discipline. -Issues in the discipline. -Perspectives on Old Testament theology. -Old Testament theologies. -Theologies of corpora.
526 _aSEG44
526 _aSEG26
526 _aP151
526 _aP150
526 _aP149
526 _aP146
526 _aP145
526 _aP126
526 _aP125
526 _aP92
526 _aP75
526 _aP74
526 _aP27
526 _aP15
630 _aBiblia.
_pA.T.
_xTEOLOGIA
_vBibliografía.
942 _2ddc
_cBOOK
949 _aRC 016.221 M26
_wDEWEY
_c1
_i44837
_lCCODEBUL1
_mBUL
_r0
_sY
_tBOOK
_u2015-6-24
_xTEOLOGIA
_PP35
_0COMPRA
_o.CIRCNOTE. No olvidar cambiar la fecha de devolución!!!!!!!
_o.STAFF. Colección General
994 _aC0
_bPEPRU
596 _a1
999 _aRC 016.221 M26
_wDEWEY
_c21709
_i44837
_f2022-3-1
_g4
_lREPAIR
_mBUL
_r0
_sY
_tBOOK
_u2015-6-24
_xTEOLOGIA
_PP35
_0COMPRA
_o.CIRCNOTE. No olvidar cambiar la fecha de devolución!!!!!!!
_o.STAFF. Colección General
_d21709
980 _81
_gALBERTO SANCHEZ Responsable de Automatización